Halifax house price index (Record no. 119722)
[ view plain ]
| 000 -LEADER | |
|---|---|
| fixed length control field | 01172cam a2200181 4500 |
| 001 - CONTROL NUMBER | |
| control field | L109375 |
| 008 - FIXED-LENGTH DATA ELEMENTS--GENERAL INFORMATION | |
| fixed length control field | 000000n2006 000 0 eng u |
| 035 ## - SYSTEM CONTROL NUMBER | |
| System control number | (Sirsi) u109375 |
| 041 ## - LANGUAGE CODE | |
| Language code of text/sound track or separate title | eng |
| 110 ## - MAIN ENTRY--CORPORATE NAME | |
| Corporate name or jurisdiction name as entry element | HBOS plc |
| 9 (RLIN) | 4703 |
| 245 ## - TITLE STATEMENT | |
| Title | Halifax house price index |
| 260 ## - PUBLICATION, DISTRIBUTION, ETC. | |
| Date of publication, distribution, etc. | 2006 |
| 520 ## - SUMMARY, ETC. | |
| Summary, etc. | The website presents a wide range of house price and housing market information, both current and historic. The Halifax house price index is the UK's longest running monthly house price series with data covering the whole country back to January 1983. Provides a monthly national index report based on approximately 15 000 house purchase transactions, regional summaries and quarterly regional comments. Historic data spreadsheets (Excel) are also available including regional, county, post town and property type data. Offers research releases on many aspects of the housing market and a house price calculator. |
| 590 ## - LOCAL NOTE (RLIN) | |
| Local note | IKA190505 |
| 690 ## - LOCAL SUBJECT ADDED ENTRY--TOPICAL TERM (OCLC, RLIN) | |
| Topical term or geographic name as entry element | PROPERTY-RESIDENTIAL PROPERTY-RESIDENTIAL PROPERTY MARKET |
| 856 40 - ELECTRONIC LOCATION AND ACCESS | |
| Uniform Resource Identifier | <a href="https://www.lloydsbankinggroup.com/media1/research/halifax_hpi.asp">https://www.lloydsbankinggroup.com/media1/research/halifax_hpi.asp</a> |
| Public note | View the website free of charge at www.lloydsbankinggroup.com... |
| 942 ## - ADDED ENTRY ELEMENTS (KOHA) | |
| Suppress in OPAC | 0 |
| Withdrawn status | Lost status | Source of classification or shelving scheme | Damaged status | Not for loan | Home library | Current library | Shelving location | Date acquired | Total Checkouts | Full call number | Barcode | Date last seen | Copy number | Price effective from | Koha item type |
|---|---|---|---|---|---|---|---|---|---|---|---|---|---|---|---|
| Dewey Decimal Classification | Virtual | Virtual | Online | 16/11/2000 | WEBSITE | 109375-2001 | 06/08/2019 | 1 | 06/08/2019 | Online material |